|
|
|
|
| LEADER |
01141nam a22003252a 4500 |
| 001 |
000399651 |
| 003 |
CZ BrMZK |
| 005 |
20090126074012.0 |
| 007 |
ta |
| 008 |
980107s1982 xr f cze d |
| 015 |
|
|
|a cnb000400351
|
| 035 |
|
|
|a (OCoLC)42144699
|
| 040 |
|
|
|a BOA001
|b cze
|
| 080 |
9 |
|
|a 885.0-82
|
| 080 |
9 |
|
|a 372
|
| 080 |
9 |
|
|a 376.4
|
| 100 |
1 |
|
|a Vaňous, Jan,
|d 1911-1986
|7 jk01141598
|4 aut
|
| 245 |
1 |
0 |
|a Metodická příručka k Čítance pro 5. ročník zvláštní školy /
|c Jan Vaňous, Jiřina Vitvarová
|
| 250 |
|
|
|a 1. vyd.
|
| 260 |
|
|
|a Praha :
|b SPN,
|c 1982
|
| 300 |
|
|
|a 84 s.
|
| 490 |
1 |
|
|a Metodické příručky k učebnicím
|
| 504 |
|
|
|a Obsahuje bibliografii
|
| 700 |
1 |
|
|a Vitvarová, Jiřina
|7 jk01142560
|4 aut
|
| 830 |
|
0 |
|a Metodické příručky k učebnicím
|0 s
|
| 910 |
|
|
|a BOA001
|b PK-N-0021.247
|b 4-0841.147
|
| 964 |
|
|
|a Čeština - čítanky - průvodci - školy zvláštní
|
| 990 |
|
|
|a BK
|
| 996 |
7 |
|
|b 3119819123
|c PK-N-0021.247
|l MZK
|r Sklad / do 1 hodiny
|n 0
|w 000399651
|u 000010
|a 1
|e BOA001
|j MZK50
|s A
|
| 996 |
6 |
|
|b BC-668534
|c 4-0841.147
|l MZK
|r Sklad / do 1 hodiny
|n 0
|w 000399651
|u 000020
|a 1
|e BOA001
|j MZK50
|s P
|